[Event "Bucaramanga Meneses Memorial"]
[Site "Bucaramanga"]
[Date "2022.07.21"]
[Round "3"]
[White "Hernandez Fonseca, Maria Paula"]
[Black "Marin Campos, Doandris Javier"]
[Result "1-0"]
[WhiteElo "2048"]
[BlackElo "1471"]
[PlyCount "59"]
[EventDate "2022.07.20"]
[EventType "swiss"]
[EventRounds "8"]
[EventCountry "COL"]
[SourceTitle "EXT 2024"]
[Source "ChessBase"]
[SourceDate "2023.10.10"]
[SourceVersion "1"]
[SourceVersionDate "2023.10.10"]
[SourceQuality "1"]

1. e4 e5 2. Nf3 Nf6 3. Nc3 Nc6 4. Be2 d5 5. Bb5 Bg4 6. exd5 Nxd5 7. Qe2 Bxf3 8. Qxe5+ Qe7 9. Qxe7+ Ndxe7 10. gxf3 0-0-0 11. Bc4 Nd4 12. Kd1 f6 13. f4 Ng6 14. d3 Bd6 15. Rg1 Rhe8 16. Be3 Bxf4 17. Bxd4 Rxd4 18. Ne2 Bxh2 19. Rxg6 Rxe2 20. Rg2 Re5 21. Rxh2 b5 22. Bg8 h5 23. Kd2 h4 24. Re1 Rxe1 25. Kxe1 Kd7 26. Ke2 Kd6 27. Ke3 Ke5 28. c3 Rf4 29. d4+ Kf5 30. Be6+ 1-0

[Event "Bucaramanga Bonita op"]
[Site "Bucaramanga"]
[Date "2021.09.05"]
[Round "5"]
[White "Romero Villamizar, Carlos Alirio"]
[Black "Marin Campos, Doandris Javier"]
[Result "0-1"]
[WhiteElo "1551"]
[BlackElo "1471"]
[PlyCount "70"]
[EventDate "2021.09.04"]
[EventType "swiss"]
[EventRounds "6"]
[EventCountry "COL"]
[SourceTitle "EXT 2022"]
[Source "ChessBase"]
[SourceDate "2021.10.06"]
[SourceVersion "1"]
[SourceVersionDate "2021.10.06"]
[SourceQuality "1"]

1. e4 d5 2. Nf3 dxe4 3. Ng5 Nf6 4. d3 Bf5 5. Qe2 exd3 6. cxd3 Nc6 7. a3 Nd4 8. Qd1 e5 9. Nc3 Bd6 10. Be2 0-0 11. 0-0 c5 12. Nf3 e4 13. Nh4 Nxe2+ 14. Nxe2 Bg4 15. h3 exd3 16. hxg4 Nxg4 17. g3 dxe2 18. Qxe2 Ne5 19. Kg2 Qf6 20. Bf4 Rfe8 21. Qc2 Nc6 22. Bxd6 Qxd6 23. Rh1 Qd5+ 24. Nf3 Qxf3+ 25. Kxf3 Nd4+ 26. Kg2 Nxc2 27. Rac1 Re2 28. Rh5 b6 29. Rch1 h6 30. Rd5 Rae8 31. Rd7 R8e7 32. Rd8+ Kh7 33. Kf3 Ne1+ 34. Kg4 Rxf2 35. Rh5 Nf3 0-1

[Event "Bucaramanga Bonita op"]
[Site "Bucaramanga"]
[Date "2021.09.04"]
[Round "3"]
[White "Marin Campos, Doandris Javier"]
[Black "Rodriguez Munoz, Luis Hernando"]
[Result "1-0"]
[WhiteElo "1471"]
[BlackElo "1540"]
[PlyCount "69"]
[EventDate "2021.09.04"]
[EventType "swiss"]
[EventRounds "6"]
[EventCountry "COL"]
[SourceTitle "EXT 2022"]
[Source "ChessBase"]
[SourceDate "2021.10.06"]
[SourceVersion "1"]
[SourceVersionDate "2021.10.06"]
[SourceQuality "1"]

1. d4 e6 2. Nf3 d5 3. c4 c5 4. e3 Nc6 5. Nc3 Nf6 6. Bd3 Qb6 7. cxd5 exd5 8. 0-0 c4 9. Bc2 Bd7 10. Re1 Be7 11. e4 Nb4 12. Bb1 0-0 13. a3 Nd3 14. Bxd3 cxd3 15. Qxd3 Be6 16. exd5 Bg4 17. Rxe7 Bxf3 18. Qxf3 Rae8 19. Rxe8 Rxe8 20. Be3 Qxb2 21. Rc1 Qxc1+ 22. Nd1 Qxa3 23. g3 b5 24. Kg2 Qb3 25. d6 Qd5 26. Nc3 Qxf3+ 27. Kxf3 b4 28. Na4 b3 29. Bc1 Rd8 30. Ba3 Ne8 31. Nc5 Nxd6 32. Nxb3 Nc4 33. Bc5 a6 34. Kf4 Re8 35. h4 1-0

[Event "Bucaramanga Bonita op"]
[Site "Bucaramanga"]
[Date "2021.09.04"]
[Round "4"]
[White "Marin Campos, Doandris Javier"]
[Black "Suarez Pinto, Sergio Rafael"]
[Result "0-1"]
[WhiteElo "1471"]
[BlackElo "1854"]
[PlyCount "68"]
[EventDate "2021.09.04"]
[EventType "swiss"]
[EventRounds "6"]
[EventCountry "COL"]
[SourceTitle "EXT 2022"]
[Source "ChessBase"]
[SourceDate "2021.10.06"]
[SourceVersion "1"]
[SourceVersionDate "2021.10.06"]
[SourceQuality "1"]

1. d4 d5 2. c4 c6 3. Nf3 Nf6 4. Nc3 e6 5. Bf4 Bd6 6. Ne5 0-0 7. e3 Qe7 8. Bd3 Nbd7 9. Rc1 Re8 10. c5 Bb8 11. Nxd7 Bxd7 12. Bxb8 Raxb8 13. f4 b6 14. b4 Rec8 15. 0-0 Be8 16. Qf3 g6 17. Ba6 Rd8 18. Rb1 Qc7 19. Rfd1 Bd7 20. Ne2 Bc8 21. Bd3 a5 22. a3 Qa7 23. g4 Ba6 24. Bxa6 Qxa6 25. Ng3 bxc5 26. dxc5 axb4 27. f5 exf5 28. gxf5 Ne4 29. Nxe4 dxe4 30. Rxd8+ Rxd8 31. Qxe4 bxa3 32. Qh4 Qd3 33. Re1 Ra8 34. f6 Qc3 0-1